000 00853cam a22002893a 4500
001 16402823
003 LC
005 20160301094613.0
008 940430r19941993nyub 000 1 eng d
010 _a 97817920
020 _a9780006478836
035 _a(OCoLC)ocm30364571
040 _aJDP
_cJDP
_dCSB
_dOCL
_dOCLCQ
_dDLC
050 0 0 _aPS 3552
_b.B877 1994
082 _aFIC
_bB81c 1993
100 1 _aBrown, Dale,
_d1956-
_918957
245 1 0 _aChains of command /
_cDale Brown.
260 _aNew York :
_bBerkley Books,
_cc1994,
300 _a603 p. :
_bmaps ;
_c18 cm.
562 _e1
610 1 0 _aUnited States.
_bAir Force
_vFiction.
_918958
650 0 _aTitle
_9403
710 2 _aCopyright Paperback Collection (Library of Congress)
_5DLC
_9705
906 _a7
_bcbc
_ccopycat
_d2
_encip
_f19
_gy-genrareb
942 _2lcc
_cBK
999 _c11104
_d11104